Sports Quiz

Random Sports or World Cup Quiz

A Century of Caps (World Cup Winners) Quiz Stats

Quiz Updated Sep 14, 2016

Challenge
Share
Tweet
Embed
Score 0/52 Timer 10:00
8 Plays Today
Player % Correct
Lionel Messi
77.1%
Wayne Rooney
75.2%
Iker Casillas
73.7%
Andres Iniesta
71.2%
Xavi Hernandez
71.1%
David Beckham
69.9%
Zinedine Zidane
68.6%
Thierry Henry
68.1%
Gianluigi Buffon
66.7%
Steven Gerrard
65.5%
Frank Lampard
64.6%
Phillipp Lahm
62.6%
Miroslav Klose
59.4%
Carles Puyol
56.2%
Bobby Charlton
53%
Peter Shilton
52.5%
Raúl
52.4%
Diego Forlán
52%
Paolo Maldini
52%
Cafu
49.8%
Bastian Schweinsteiger
49.7%
Ashley Cole
48%
Franz Beckenbauer
47.4%
Fernando Torres
47.1%
Roberto Carlos
46%
Sergio Ramos
45.7%
Player % Correct
Andrea Pirlo
44.7%
Bobby Moore
44.1%
Lothar Matthäus
41.9%
Fabio Cannavaro
41.5%
Lilian Thuram
41.2%
Lukas Podolski
37.5%
Jürgen Klinsmann
37%
Marcel Desailly
33.9%
Xabi Alonso
33.5%
Dino Zoff
33.1%
Didier Deschamps
31.2%
Daniele De Rossi
30.5%
Patrick Vieira
30.1%
Javier Zanetti
28.6%
Javier Mascherano
23.9%
Per Mertesacker
22%
Cláudio Taffarel
20.9%
Lúcio
20.4%
Andoni Zubizarreta
18.6%
Billy Wright
17.9%
Roberto Ayala
13.4%
Diego Simeone
11.9%
Jürgen Kohler
9.3%
Thomas Häßler
7.1%
Maximiliano Pereira
4.5%
Ulf Kirsten
2.5%

You're not logged in!

Compare scores with friends on all Sporcle quizzes.
Sign Up with Email
OR
Log In

You Might Also Like...

Show Comments

Extras

Top Quizzes Today


Score Distribution

Your Account Isn't Verified!

In order to create a playlist on Sporcle, you need to verify the email address you used during registration. Go to your Sporcle Settings to finish the process.